[Event "BRA CEAX op 3rd"]
[Site "Vitoria"]
[Date "2003.08.16"]
[Round "4"]
[White "Lima, W."]
[Black "Dutra, Silmai N"]
[Result "1/2-1/2"]
[WhiteElo "1800"]
[BlackElo "1713"]
[PlyCount "78"]
[EventDate "2003.08.??"]
[EventType "swiss"]
[EventRounds "6"]
[EventCountry "BRA"]
[SourceTitle "EXT 2006"]
[Source "ChessBase"]
[SourceDate "2005.11.24"]
[SourceVersion "1"]
[SourceVersionDate "2005.11.24"]
[SourceQuality "1"]

1. Nf3 c6 2. Nc3 d5 3. d4 e6 4. Bg5 Be7 5. Bf4 Nf6 6. h3 h6 7. Bh2 Nbd7 8. g3 Nb6 9. Bg2 Nc4 10. b3 Nb6 11. 0-0 Bb4 12. Qd3 0-0 13. e3 Ba3 14. Ne2 Bd6 15. c4 Re8 16. c5 Bxc5 17. dxc5 Nbd7 18. b4 a5 19. a3 e5 20. Rab1 e4 21. Qc2 exf3 22. Bxf3 Ne5 23. Bg2 Nh7 24. g4 Ng5 25. Bxe5 Nxh3+ 26. Bxh3 Rxe5 27. Nf4 Rg5 28. f3 Bf5 29. Qb3 Bxb1 30. Qxb1 Qe7 31. Qe1 Re8 32. Ng2 h5 33. Qh4 g6 34. e4 Rxg4 35. Qxe7 Rxg2+ 36. Bxg2 Rxe7 37. Re1 axb4 38. axb4 Re6 39. Re2 Re7 1/2-1/2

[Event "BRA CEAX op 3rd"]
[Site "Vitoria"]
[Date "2003.08.15"]
[Round "1"]
[White "Lage, Sergio Correa Magal"]
[Black "Lima, W."]
[Result "1-0"]
[WhiteElo "1837"]
[BlackElo "1800"]
[PlyCount "61"]
[EventDate "2003.08.??"]
[EventType "swiss"]
[EventRounds "6"]
[EventCountry "BRA"]
[SourceTitle "EXT 2006"]
[Source "ChessBase"]
[SourceDate "2005.11.24"]
[SourceVersion "1"]
[SourceVersionDate "2005.11.24"]
[SourceQuality "1"]

1. d4 Nf6 2. c4 d5 3. Nc3 dxc4 4. e4 e6 5. Bxc4 Bb4 6. Bg5 Bxc3+ 7. bxc3 Nbd7 8. e5 h6 9. exf6 hxg5 10. fxg7 Rg8 11. Qh5 Qf6 12. Nf3 Rxg7 13. 0-0 Nb6 14. Bb3 Rg8 15. Ne5 Rh8 16. Qe2 Bd7 17. d5 0-0-0 18. Nxd7 Kxd7 19. dxe6+ fxe6 20. Rad1+ Ke7 21. Rxd8 Rxd8 22. Re1 Rd6 23. Qe3 a5 24. Qc5 Kd7 25. Qxa5 Rd2 26. Qc5 Nd5 27. Bxd5 exd5 28. a4 b6 29. Qe3 Ra2 30. h3 Rxa4 31. Qe8+ 1-0